03457nam a2200385 i 4500001001000000003000900010005001700019007000300036008004100039040003000080041000800110082002500118100005100143245017200194250000600366264006900372300004500441336002700486337003300513338002800546490006900574490002900643505151900672590002602191650006502217651008102282651007902363700004502442910004502487942001402532952012502546952013202671952025302803999001503056000004724DO-SdBNP20250123082525.0ta090725s1996 dr a r 000 0 spa d aDO-SdBNPbspacBNPHUerda hspa 4a330.97293bF825h2221 aFranco Pichardo, Franklind1936-eautor93441710aHistoria económica y financiera de la República Dominicana 1844-1962 : bIntroducción a su estudio /cFranklin Franco Pichardo ; edición, Eduberto Fernández. a  aSanto Domingo :bUniversidad Autónoma de Santo Domingo c1996. a306 páginas :bilustraciones ;c21 cm. 2rdacontentatextobtxt 2rdamediaasin mediaciónbn 2rdacarrieravolumenbnc1 aPublicaciones de la Universidad Autónoma de Santo Domingov7801 a Historia y Sociedadv85 aPerfil de la situación económica del mundo occidental en la época de la Independencia Nacional y años inmediatamente posteriores -- Antecedentes -- Estructura de la economía: 1844-1870 25 -- Los problemas monetarios -- La economía durante la anexión -- Estado y administración pública -- De las compañías de crédito al endeudamiento exterior -- El repunte y caída de la industria azucarera -- Cambios en la política económica: 1865-1880 -- Tratado de libre cambio con Estados Unidos 1891-1894 -- Población 1844-1900 -- La crisis monetaria y la guerra internacional entre el oro y la plata -- La economía a finales del siglo XIX y los empréstitos con la Wesntendorp y la Santo Domingo Improvement Company -- Los primeros bancos: antecedentes -- Medios de comunicación: 1844-1924 -- La descomposición del campesinado -- La industria, la agricultura y la ganadería desde principios de siglo a 1920 -- La consolidación de la hegemonía norteamericana en la economía nacional -- La convención de 1907 y las reformas económicas del régimen de Cáceres -- El caos político afecta la economía y la administración pública -- La política económica de la dictadura militar norteamericana: 1916-1922 -- La situación económica entre 1922-1930 -- La crisis mundial de 1929 y sus repercusiones, años después -- La economía nacional entre 1935 y segunda guerra mundial -- De la segunda guerra mundial a la creación de la moneda nacional . aInventariado, 2021/VM 4aFinanzasxRepública DominicanaxHistoriay1844-1962913745 4aRepública DominicanaxCondiciones económicasxHistoriay1844-1962913746 4aRepública DominicanaxPolítica económicaxHistoriay1844-19629137471 aFernández, Eduberto,eedición913748 aVMateo Validado. Control de calidad. MFF 2ddccLBS1 00102ddc51708PDaBNPHUbBNPHUcHDd2009-07-25i l0oBNPHU PD 330.97293 F825hp4724-10r2020-06-25w2020-06-25yLBS1 00102ddc51708PDaBNPHUbBNPHUcHDd2009-11-19i l0oBNPHU PD 330.97293 F825h p4724-20r2020-06-25te. 2w2020-06-25yLBS1 00102ddc56708DSaBNPHUbBNPHUcCTd2025-01-23eDonado por la Presidencia de la República Dominicana 2023l0oBNPHU DS 330.97293 F825hp2025-0269r2025-01-23te.3w2025-01-23yLBS1zPertenecio a la biblioteca personal de Emilio Cordero Michel c4530d4530